Riadenie angažovanosti zamestnancov v hybridnom pracovnom režime diplomová práca

Guardado en:
Detalles Bibliográficos
Autor principal: Bucová, Lenka
Autor Corporativo: Fakulta podnikového manažmentu EU. Katedra manažmentu
Otros Autores: Jankelová, Nadežda, 1966-
Formato: Libro
Lenguaje:eslovaco
Publicado: Bratislava 2025
Etiquetas: Agregar Etiqueta
Sin Etiquetas, Sea el primero en etiquetar este registro!

MARC

LEADER 00000nbm a2200000 4500
001 0309777
005 20251217134314.7
041 0 |a slo 
044 |a SK 
245 1 0 |a Riadenie angažovanosti zamestnancov v hybridnom pracovnom režime  |b diplomová práca  |c Lenka Bucová ; školiteľ: Nadežda Jankelová 
264 1 |a Bratislava  |c 2025 
300 |a 97 s. 
100 1 |a Bucová, Lenka 
700 1 |a Jankelová, Nadežda, 1966- 
710 2 |a Fakulta podnikového manažmentu EU. Katedra manažmentu